02366 a2200421 45000010006000000050017000060080041000230030015000640400040000790800035001192450061001540200022002152640043002373000026002805050981003061000029012877000026013167000021013427000026013637000031013897000027014207000026014477000026014737000027014997000020015267000036015467000023015827000037016057000030016427000021016727000020016937000025017137000024017387000023017627000023017857000023018088560113018311710520260407155459.0260407a2001 arg spa dAR-UNSa-BCEJYS aAR-UNSa-BCEJYSbspacAR-UNSa-BCEJYS a657.47xContabilidad de Costos10aGestión & costospbeneficio creciente, mejora continua a978-950-537-540-0 1aBuenos Aires :bEdiciones Macchic2001 axxxvi, 601 p.c26 cm. a1. La contabilidad y la gestión en las unidades económicas - 2. El control de la gestión empresaria - 3. Factores y componentes del costo - 4. Costeo basado en las actividades - 5. Gerenciamiento basado en las actividades (ABM) - 6. Costos para toma de decisiones - 7. Planificación, presupuestos y su control - 8. Nuevas técnicas de gestión y control de los costos. Sistemas de producción híbridos - Justo a tiempo (JIT) - 9. Administración de la calidad - 10. El tiempo como elemento competitivo y el ciclo de vida - 11. Teoría de las restricciones: Un enfoque estratégico - 12. Orientación al cliente y gestión estratégica - 13. La gestión de los costos ambientales - 14. Nuevas técnicas de gestión y reducción de costos. Reingeniería - 15. Costeo por objetivos (Target costing) - 16. Los costos y la adopción de decisiones - 17. Proceso gerencial e información contable y extracontable - 18. Tablero de comando - 19. Benchmarking1 aGiménez, Carlos Manuel1 aBenvenuto, Edgardo M.1 aBenvenuto, Olver1 aCahwje, Jorge Alberto1 aCarratalá, Juan Martín1 aCarro, Roberto Ricardo1 aDaian, Isaac Martín1 aAbdel-Hamid, Tarek K.1 aFont de Malugani, Elba1 aGaudino, Ovidio1 aGiménez Vetere, María Nidia1 aKsairi, Jorge Luis1 aLópez de Trabucco, Nélida M.1 aLópez Couceiro, Edmundo1 aMacrini, Domingo1 aMiyaji, Ricardo1 aMocciaro, Osvaldo A.1 aSafarano, José M.1 aStasi, Juan Carlos1 aWajchman, Bernardo1 aWajchman, Mauricio41uhttps://biblioeco.unsa.edu.ar/pmb/images/libros/Gestion & Costos2-l86220.jpegyImagen de portadaqimage/jpeg